00832 2200325 4500001002100000005001500021035002000036007000300056040001700059100002300076245003500099250001000134300003900144041000800183082001000191090001800201264003500219336002100254337003000275338002300305850001000328008004100338084001600379650001500395504002400410020001800434500002200452990001600474990001600490INLIS00000000000570820260426121319 a0010-0222000798ta aSBPUPADbInd0 aKarmilaePengarang1 aMengenal Perpajakan /cKarmila aCet.1 aiv, 68 hlm. :bilus. ;c17,3x25 cm0 aInd a336.2 a332 HAR m 9-2 aKlaten :bCempaka Putih,c2008 2rdacontentaTeks 2rdamediaaTanpa Perantara 2rdacarrieraVolume aPUPAD260426 0  a336.2 KAR m 4aPerpajakan aBibliografi, hlm 68 a979-662-305-1 aGlosarium, hlm 67 a00000014445 a00000014446